| 000 | 00696nam a2200229 a 4500 | ||
|---|---|---|---|
| 001 | 000019381 | ||
| 005 | 20200929170012.0 | ||
| 008 | 100628s1991 sp r 000 p spa d | ||
| 020 | _a8440467532 | ||
| 040 |
_aDO-SdBNP _bspa _cBNPHU |
||
| 082 |
_a861.44 _bE859m |
||
| 100 | 1 |
_aEtxeba, Carlos _941637 |
|
| 245 | 1 | 3 |
_aEl mar está dentro de ti / _cCarlos Etxeba. |
| 260 |
_aBilbao, España : _bEdertasuna, _c19?? |
||
| 300 |
_a64 p. ; _c22 cm. |
||
| 490 | 1 | _aColección poesía | |
| 500 | _aIncluye información biográfica del autor en la contracubierta. | ||
| 650 | 4 |
_aPoesía española _9631 |
|
| 650 | 4 |
_aLiteratura española _9632 |
|
| 830 | 0 |
_aColección poesía _941638 |
|
| 049 | _aBNGR | ||
| 999 |
_c18898 _d18898 |
||